000 02391nam0a2200445 4500
001 RU\NLR\BIBL_A\022701388
005 20260420062210.0
010 _a978-5-7205-2244-5
_9150
021 _aRU
_bКН-П-25-071329
_9КН-П-25-6908
035 _a(NLR Aleph) 022701388
090 _a13687586
_c13687586
100 _a20260115d2025 u y0rusy50 ca
101 0 _arus
_deng
102 _aRU
105 _aa j 010yy
181 0 _ai
_b xxe
182 0 _an
200 1 _aСистема Гарант
_dGARANT System
_eучебно-методическое пособие
_fГ. А. Марданова, А. А. Свистунова, Е. А. Шульгина, Е. А. Ястребова
_gМосковский государственный университет имени М. В. Ломоносова, Юридический факультет, Кафедра правовой информатики, информационного и цифрового права
_zeng
203 _aТекст
_bвизуальный
_cнепосредственный
205 _a2-е изд., перераб. и доп.
210 _aМосква
_cЮстицинформ
_d2025
215 _a83 с.
_cил.
_d21
300 _aАвт. указаны на обороте тит. с. в макете
300 _aРез. на англ. яз.
300 _aНа обл.: МГУ 270, 1755–2025
320 _aБиблиогр. в подстроч. примеч.
333 _a16+
510 1 _aGARANT System
_zeng
606 1 _aГАРАНТ, компьютерная правовая система
_jУчебно-методические пособия
_92160503
_3RU\NLR\AUTH\661300261
686 1 _aХ62с51я7
701 1 _aМарданова
_bГ. А.
_gГалина Александровна
701 1 _aСвистунова
_bА. А.
_gАнна Александровна
701 1 _aШульгина
_bЕ. А.
_gЕлена Александровна
701 1 _aЯстребова
_bЕ. А.
_gЕвгения Анатольевна
712 0 2 _4570
_aМГУ им. М. В. Ломоносова
_bКафедра правовой информатики, информационного и цифрового права
_92653742
_3RU\NLR\AUTH\880620835
942 _cBOOK
980 _aNB